| Поле | Инд. | ПП | Название | Значение |
|---|---|---|---|---|
| Тип записи | a | |||
| Библиографический уровень | m | |||
| 001 | _ | Контрольный номер | RU/ЭБС IPR BOOKS/98715 | |
| 005 | Дата корректировки | 20250915131007.2 | ||
| 008 | Кодируемые данные | 211122s2019 RU y f j 000 1 rus u | ||
| 020 | a | ISBN | 978-5-7782-3944-9 | |
| 040 | c | Служба, преобразующая запись | ЭБС IPR BOOKS | |
| 041 | a | Код языка текста | rus | |
| 044 | a | Код страны публикации | RU | |
| 080 | a | Индекс УДК | 517 | |
| 084 | 2 | Источник индекса | rubbk | |
| a | Индекс другой классификации/Индекс ББК | 22.1 | ||
| 100 | 1_ | a | Автор | Рощенко, О. Е. |
| 4 | Код отношения | 070 | ||
| 245 | a | Заглавие | Математический анализ. Дифференциальное и интегральное исчисление функции нескольких переменных. Дифференциальные уравнения | |
| b | Продолж. заглавия | учебно-методическое пособие | ||
| c | Ответственность | О. Е. Рощенко, Е. А. Лебедева | ||
| 250 | g | 2025-09-07 | ||
| a | Основные сведения об издании | Математический анализ. Дифференциальное и интегральное исчисление функции нескольких переменных. Дифференциальные уравнения | ||
| 256 | a | Характеристики компьютерного файла | Электрон. дан. (1 файл) | |
| 260 | a | Место издания | Новосибирск | |
| b | Издательство | Новосибирский государственный технический университет | ||
| c | Дата издания | 2019 | ||
| 300 | a | Объем | 76 с. | |
| 500 | a | Примечание | Книга находится в премиум-версии ЭБС IPR BOOKS. | |
| 516 | a | Прим. о типе комп. файла/ данных | Текст | |
| 520 | a | Аннотация | Настоящее пособие является логическим продолжением учебного пособия «Математический анализ. Дифференциальное и интегральное исчисление функции одной переменной» и предназначено для студентов технического направления обучения. | |
| 521 | a | Примеч. о целев. назн. | Гарантированный срок размещения в ЭБС до 07.09.2025 (автопролонгация) | |
| 538 | a | Прим. о системных особенностях | электронный | |
| 653 | a | Ключевые слова | математический анализ | |
| 653 | a | Ключевые слова | дифференциальное уравнение | |
| 653 | a | Ключевые слова | функция | |
| 653 | a | Ключевые слова | кратный интеграл | |
| 653 | a | Ключевые слова | криволинейный интеграл | |
| 700 | 1_ | a | Другие авторы | Лебедева, Е. А. |
| 4 | Код отношения | 070 | ||
| 856 | 4_ | u | URL | http://www.iprbookshop.ru/98715.html |
| z | Примечание для пользователя | Участвует в КО |